00908nam a2200253 a 450000100100000000500170001000800410002702000150006804000250008304100380010808200180014610000210016424000360018524501460022126000530036730000280042049000320044853400460048065000180052665000260054465000280057070000240059883000320062200002480420200930023359.0110203s1994 sp r 000 0 spa d z9686640924 aDO-SdBNPbspacBNPHU17aenghspa2Código de idioma MARC a330.156bK94v1 aKrugman, Paul R.10aPeddling prosperity.lEspañol10aVendiendo prosperidad :bsensatez e insensatez económica en una era de expectativas limitadas /cPaul Krugman ; traducción Ester Rabasco. aBarcelona, (España) :bEditorial Ariel,c1994. a301 p. :bil. ;c23 cm.1 aAriel Sociedad Económica. aTítulo original :tPeddling prosperity. 4aKeynesianismo 4aEconomía keynesiana 4aEconomía de la oferta1 aRabasco, Esteretr. 0aAriel Sociedad Económica.